| 000 | 00556nam a2200217 a 4500 | ||
|---|---|---|---|
| 001 | 0001-2156 | ||
| 003 | ELIB.Books | ||
| 008 | 190725 2010 eng | ||
| 020 | _aKBTS | ||
| 092 |
_a230.082 _bAn |
||
| 100 | _aAndrews, Gini. | ||
| 245 | _aYour Half of the Apple | ||
| 260 |
_aGrand Rapids _bZondervan Publishing House _c1972 |
||
| 300 |
_a159 _c21cm |
||
| 650 | _aFeminist Theology | ||
| 856 |
_nKBTS Library _uKBTS Elib |
||
| 942 |
_2ddc _cBK |
||
| 990 | _a1 | ||
| 998 |
_aEnglishbooks.elf _ccat _e2019-07-25 |
||
| 999 |
_c12156 _d12156 |
||